000 00315 a2200145 4500
001 64160
040 _cAnchieta - Pituba
100 _aMartins, Luiz Rátis
240 1 0 _aContos e devaneios
_lpor
245 1 0 _aContos e devaneios
300 _a171
362 0 _a2014
650 4 _aFicção brasileira
942 _cBK
999 _c64160
_d64160